000 00354nam a22001337a 4500
082 _a711.4 THE
100 _aThe city: Problems of Planning
245 _aThe city: Problems of Planning
260 _aEngland
_bPengin Books Ltd.
_c1972
300 _a496p.
_bill, 20cm.
500 _ainclude index
650 _aThe city: Problems of Planning
942 _cBK
999 _c17979
_d17979